| 000 | 00645nam a2200217Ia 4500 | ||
|---|---|---|---|
| 003 | OSt | ||
| 005 | 20251216162314.0 | ||
| 008 | 210210b2010 xxu||||| |||| 00| 0 eng d | ||
| 020 | _a9788190970135 | ||
| 040 | _cAL | ||
| 041 | _aKannada | ||
| 082 | _a398.2K TALJ | ||
| 100 |
_aTALAVARA VAMADEVA _9249326 _dತಳವಾರ ವಾಮದೇವ |
||
| 245 |
_aJanapada kathegalu: Ashayagalu _bಜನಪದ ಕಥೆಗಳು: ಆಶಯಗಳು |
||
| 260 |
_aBengaLUru _bSrashti Pablikeshans. _c2010 |
||
| 300 | _ax,193 | ||
| 650 |
_a Hanneradu janapada kathegalu _9249327 |
||
| 690 |
_aFolklore _9249328 |
||
| 906 | _a068310 | ||
| 942 |
_2ddc _cBK |
||
| 999 |
_c152644 _d152644 |
||